Kỹ thuật nuôi cá bè
Tài liệu hướng dẫn các kỹ thuật nuôi cá nước ngọt nói chung và nuôi cá bè nói riêng mang lại hiệu quả năng suất cao.
Tallennettuna:
| Päätekijä: | |
|---|---|
| Aineistotyyppi: | Kirja |
| Kieli: | Undetermined |
| Julkaistu: |
Cần Thơ
Trường Đại học Cần Thơ
1994
|
| Aiheet: | |
| Tagit: |
Lisää tagi
Ei tageja, Lisää ensimmäinen tagi!
|
| Thư viện lưu trữ: | Trung tâm Học liệu Trường Đại học Cần Thơ |
|---|
| LEADER | 00780nam a2200193Ia 4500 | ||
|---|---|---|---|
| 001 | CTU_161136 | ||
| 008 | 210402s9999 xx 000 0 und d | ||
| 082 | |a 639.31 | ||
| 082 | |b T502 | ||
| 100 | |a Nguyễn, Anh Tuấn | ||
| 245 | 0 | |a Kỹ thuật nuôi cá bè | |
| 245 | 0 | |c Biên soạn: Nguyễn Anh Tuấn, Nguyễn Thanh Phương, Trần Ngọc Hải | |
| 260 | |a Cần Thơ | ||
| 260 | |b Trường Đại học Cần Thơ | ||
| 260 | |c 1994 | ||
| 520 | |a Tài liệu hướng dẫn các kỹ thuật nuôi cá nước ngọt nói chung và nuôi cá bè nói riêng mang lại hiệu quả năng suất cao. | ||
| 650 | |a Fish culture | ||
| 904 | |i Giang | ||
| 980 | |a Trung tâm Học liệu Trường Đại học Cần Thơ | ||